Spôsoby zvýšenia základného imania akciových spoločností

Obsahové vymedzenie základného imania. Možnosti zvýšenia základného imania v slovenskej právnej úprave. Spôsoby zániku funkcie členov orgánov akciovej spoločnosti.

Salvato in:
Dettagli Bibliografici
Natura: Capitolo di libro
Lingua:slovacco
Soggetti:
Tags: Aggiungi Tag
Nessun Tag, puoi essere il primo ad aggiungerne!!

MARC

LEADER 00000naa$a2200000$$$4500
001 0002924
005 20230925123500.2
041 0 |a slo 
044 |a SK 
245 1 0 |a Spôsoby zvýšenia základného imania akciových spoločností 
520 |a Obsahové vymedzenie základného imania. Možnosti zvýšenia základného imania v slovenskej právnej úprave. Spôsoby zániku funkcie členov orgánov akciovej spoločnosti. 
610 2 0 |a spoločnosti akciové 
610 2 0 |a akcionári 
610 2 0 |a imanie základné 
610 2 0 |a orgány štatutárne 
610 2 0 |a právo obchodné 
610 2 0 |a zákonník obchodný